000 00391nam a22001457a 4500
003 SGT
082 _a617.84
_bE24S
100 _aSINGHA, BAISHALI
245 _aEFFECT OF LADDER DRILL TRAINING ON LOWER LIMB STRENGTH, POWER AND AGILITY IN COLLEGIATE BADMINTON PLAYERS
260 _aGURUGRAM
_bSGT UNIVERSITY
_c2024
300 _a86
650 _aSPORTS
653 _aMPT
942 _2ddc
_cTH
999 _c32205
_d32205